Էլեկտրահետախուզություն : (Record no. 395837)
[ view plain ]
| 000 -LEADER | |
|---|---|
| fixed length control field | 00957nam a2200229 a 4500 |
| 001 - CONTROL NUMBER | |
| control field | 000995697 |
| 003 - CONTROL NUMBER IDENTIFIER | |
| control field | AM-YeHGA |
| 005 - DATE AND TIME OF LATEST TRANSACTION | |
| control field | 20250617153651.0 |
| 008 - FIXED-LENGTH DATA ELEMENTS--GENERAL INFORMATION | |
| fixed length control field | 131205s2013 ai r 000 0 arm d |
| 020 ## - INTERNATIONAL STANDARD BOOK NUMBER | |
| International Standard Book Number | 9785808417984 |
| 040 ## - CATALOGING SOURCE | |
| Original cataloging agency | AM-YeHGA |
| 041 0# - LANGUAGE CODE | |
| Language code of text/sound track or separate title | arm |
| 090 ## - LOCALLY ASSIGNED LC-TYPE CALL NUMBER (OCLC); LOCAL CALL NUMBER (RLIN) | |
| -- | 397889 |
| 100 1# - MAIN ENTRY--PERSONAL NAME | |
| Personal name | Վարդանյան, Վահրամ Պանդուխտի |
| 245 10 - TITLE STATEMENT | |
| Title | Էլեկտրահետախուզություն : |
| Remainder of title | Հաստատուն հոսանքի մեթոդներ: [Ուսումնական ձեռնարկ] / |
| Statement of responsibility, etc. | Վ.Պ. Վարդանյան; Գիտ. խմբ.՝ Ռ.Ս. Մինասյան; ԵՊՀ. |
| 260 ## - PUBLICATION, DISTRIBUTION, ETC. | |
| Place of publication, distribution, etc. | Երևան : |
| Name of publisher, distributor, etc. | ԵՊՀ հրատ, |
| Date of publication, distribution, etc. | 2013. |
| 300 ## - PHYSICAL DESCRIPTION | |
| Extent | 193 էջ : |
| Other physical details | նկ., գուն. լուսանկ. |
| 504 ## - BIBLIOGRAPHY, ETC. NOTE | |
| Bibliography, etc. note | Մատենագիտ.՝ էջ 193 հայ. և ռուս. լեզ. |
| 650 14 - SUBJECT ADDED ENTRY--TOPICAL TERM | |
| Topical term or geographic name entry element | Էլեկտրահետախուզություն |
| 700 1# - ADDED ENTRY--PERSONAL NAME | |
| Personal name | Մինասյան, Ռ.Ս. |
| Relator term | խմբ. |
| Relationship | edt |
| 710 2# - ADDED ENTRY--CORPORATE NAME | |
| Corporate name or jurisdiction name as entry element | Երևանի պետական համալսարան |
| Withdrawn status | Lost status | Source of classification or shelving scheme | Damaged status | Not for loan | Collection | Home library | Current library | Date acquired | Total checkouts | Full call number | Barcode | Date last seen | Price effective from | Koha item type | Public note |
|---|---|---|---|---|---|---|---|---|---|---|---|---|---|---|---|
| Universal Decimal Classification | General | Fundamental Scientific Library | Fundamental Scientific Library | 14/12/2017 | AII/103144 | FL0468925 | 14/12/2017 | 14/12/2017 | Գրքեր / Books | 30 Days Loan |
ՀՀ Գիտությունների ազգային ակադեմիայի հիմնարար գիտական գրադարան = Fundamental Scientific Library of NAS RA
All site content, except where otherwise noted, is licensed under a